Dr. Seuss Characters Quiz Stats

 Plays Quiz Updated Dec 28, 2015

Challenge
Share
Tweet
Score 0/16 Timer 07:00
4 Plays Today
% Correct
The Cat in the Hat
98.8%
The Grinch
92%
Horton the Elephant
88.3%
Thing 1 and Thing 2
86.8%
Sam I Am
83.7%
The Lorax
82.3%
Fox in Socks
65.7%
Yertle the Turtle
60.4%
% Correct
Max
49.1%
Mr. Brown
36.7%
The Sneetches
32.5%
Sally and her brother
31.4%
Bartholomew Cubbins
26.8%
You
24.9%
The Once-ler
23.4%
Gertrude McFuzz
11.3%

You're not logged in!

Compare scores with friends on all Sporcle quizzes.
Join for Free
OR
Log In

You Might Also Like...

Show Comments

Extras

Top Quizzes Today


Score Distribution

Your Account Isn't Verified!

In order to create a playlist on Sporcle, you need to verify the email address you used during registration. Go to your Sporcle Settings to finish the process.

Report this User

Report this user for behavior that violates our Community Guidelines.

Details: